LIBRARY & INFORMATION CENTRE, KCAET, TAVANUR

ONLINE PUBLIC ACCESS CATALOGUE (OPAC)

Captain`s death bed and other essays / (Record no. 6654)

MARC details
000 -LEADER
fixed length control field 00399cam a2200157ua 4500
041 ## - LANGUAGE CODE
Language code of text/sound track or separate title eng
082 ## - DEWEY DECIMAL CLASSIFICATION NUMBER
Classification number 828.09
Item number WOO/CA
100 ## - MAIN ENTRY--AUTHOR NAME
Personal name Woolf, Virginia .
245 ## - TITLE STATEMENT
Title Captain`s death bed and other essays /
250 ## - EDITION STATEMENT
Edition statement 1 /
260 ## - PUBLICATION, DISTRIBUTION, ETC. (IMPRINT)
Place of publication London :
Name of publisher The Hograth Press ,
Year of publication 1950.
300 ## - PHYSICAL DESCRIPTION
Number of Pages 224 ; .
942 ## - ADDED ENTRY ELEMENTS (KOHA)
Koha item type Books
Holdings
Withdrawn status Lost status Damaged status Home library Current library Date acquired Cost, normal purchase price Full call number Accession Number Koha item type Public note
Withdrawn     KAUAET Sanskrit University 07/04/2012 10.60 828.09 7031 Books Transferred to Sanskrit University
free website counter